[Event "AUTO-MASTER-3010"]
[Site "http://www.queenalice.com/game.php?id=1758206"]
[Date "2021.5.1"]
[Round "2"]
[White "Santista38"]
[Black "cavaleiro_cambraia"]
[Result "0-1"]
[WhiteElo "2159"]
[BlackElo "2142"]

1. d4 Nf6 2. Bf4 g6 3. Nc3 Bg7 4. e3 O-O 5. Nf3 c5 6. Bxb8 Rxb8 7. dxc5 Qa5 8.
Qd4 Ne4 9. Qxe4 Bxc3+ 10. Ke2 d5 11. Qxd5 Qb5+ 12. Qd3 Qxb2 13. Rd1 Bf5 14. e4
Rbd8 15. Qe3 Qxc2+ 16. Nd2 Bxe4 17. Ke1 Rxd2 18. Rxd2 Rd8 0-1

[Event "AUTO-MASTER-3010"]
[Site "http://www.queenalice.com/game.php?id=1758209"]
[Date "2021.5.1"]
[Round "2"]
[White "Santista38"]
[Black "Rutty"]
[Result "0-1"]
[WhiteElo "2159"]
[BlackElo "2113"]

1. d4 d5 2. Bf4 Nf6 3. Nc3 c6 4. e3 g6 5. Nf3 Bg7 6. Be2 O-O 7. Bxb8 Rxb8 8. O-O
Bf5 9. Bd3 Bxd3 10. Qxd3 Nd7 11. e4 dxe4 12. Qxe4 Nb6 13. Rfe1 e6 14. Rad1 Nd5
15. Nxd5 cxd5 16. Qh4 Qxh4 17. Nxh4 Rbc8 18. c3 b5 19. a3 a5 20. Nf3 Rc7 21. Nd2
b4 22. axb4 axb4 23. Nb1 bxc3 24. bxc3 Rb8 25. g3 Rb2 26. Rd2 Rxd2 27. Nxd2 Rxc3
28. Nf3 Rd3 29. Re3 Rd1+ 30. Re1 Rxe1+ 31. Nxe1 Bxd4 32. Kf1 e5 33. Ke2 f5 34.
Nf3 Bb2 35. h4 h6 36. Nd2 Kf7 37. f3 Ke6 38. Kd3 g5 39. hxg5 hxg5 40. Nb3 e4+
41. fxe4 fxe4+ 0-1

[Event "AUTO-MASTER-3010"]
[Site "http://www.queenalice.com/game.php?id=1758210"]
[Date "2021.5.1"]
[Round "2"]
[White "Rutty"]
[Black "Santista38"]
[Result "0-1"]
[WhiteElo "2123"]
[BlackElo "2159"]

1. e4 e5 2. Nf3 d6 3. Bc4 h6 4. h3 Nf6 5. Nc3 Nc6 6. O-O Bd7 7. d4 exd4 8. Nxd4
Be7 9. f4 O-O 10. Nxc6 Bxc6 11. Nd5 Qd7 12. Qd3 Bxd5 13. Bxd5 Nxd5 14. Qxd5 c6
15. Qh5 Qe6 16. Qf3 Bf6 17. c3 Rfe8 18. Re1 Qc4 19. Be3 Qxe4 20. Qg3 Qc2 21. f5
d5 22. Bxh6 Qxf5 23. Rf1 Qg6 24. Qxg6 fxg6 25. Bf4 g5 26. Bg3 Re2 27. Rf2 Rae8
28. Kf1 Rxf2+ 29. Kxf2 d4 30. cxd4 Bxd4+ 31. Kf3 Re3+ 32. Kg4 Bxb2 33. Rb1 Re2
34. Kf3 Rc2 35. Bb8 a6 36. g3 c5 37. Kg4 c4 38. Kxg5 b5 39. Kg6 Re2 40. Rd1 Bf6
41. h4 c3 42. Rd7 Rd2 43. Rc7 Kf8 44. h5 Rd5 45. Rc8+ Rd8 46. Rxd8+ Bxd8 47. Bf4
b4 48. h6 gxh6 49. Kxh6 Kg8 50. Kg6 a5 51. Kf5 a4 52. Ke4 b3 53. axb3 a3 0-1

[Event "AUTO-MASTER-3048"]
[Site "http://www.queenalice.com/game.php?id=1761297"]
[Date "2021.6.4"]
[Round "1"]
[White "Artking"]
[Black "Santista38"]
[Result "0-1"]
[WhiteElo "1960"]
[BlackElo "2153"]

1. Nf3 d5 2. c4 dxc4 3. Qa4+ Nc6 4. Qxc4 Nf6 5. g3 Qd5 6. Qxd5 Nxd5 7. Bg2 Bf5
8. Nh4 Bxb1 9. Rxb1 O-O-O 10. d3 e6 11. O-O Be7 12. Nf3 Ndb4 13. a3 Nc2 14. Bf4
N2d4 15. Nxd4 Nxd4 16. Rfe1 Bd6 17. Bxd6 Rxd6 18. b4 Nc2 19. Rec1 Nxa3 20. Rb3
Nb5 21. e3 Rhd8 22. d4 Rb6 23. Kf1 Rdd6 24. Ke2 Ra6 25. Rc5 Ra2+ 26. Ke1 a6 27.
f4 Rxg2 0-1

[Event "AUTO-MASTER-3048"]
[Site "http://www.queenalice.com/game.php?id=1761298"]
[Date "2021.6.4"]
[Round "1"]
[White "Santista38"]
[Black "Artking"]
[Result "1-0"]
[WhiteElo "2146"]
[BlackElo "1971"]

1. d4 Nf6 2. Nf3 c5 3. dxc5 Qc7 4. b4 g6 5. Bb2 Bg7 6. e3 d5 7. Nc3 Ne4 8. Nxd5
O-O 9. Nxc7 Bxb2 10. Qb1 Bc3+ 11. Ke2 Nc6 12. Nxa8 Bg4 13. Nc7 Rd8 14. Nb5 Ne5
15. Nd4 Bd2 16. Qb3 Bc3 17. Rd1 1-0

[Event "AUTO-MASTER-3048"]
[Site "http://www.queenalice.com/game.php?id=1761315"]
[Date "2021.6.4"]
[Round "1"]
[White "Santista38"]
[Black "clovis"]
[Result "1-0"]
[WhiteElo "2135"]
[BlackElo "2095"]

1. d4 d5 2. Nc3 Nf6 3. Bf4 Bf5 4. e3 e6 5. a3 Bd6 6. Bb5+ c6 7. Bxd6 Qxd6 8. Bd3
O-O 9. Bxf5 exf5 10. Qf3 g6 11. Qg3 Ne4 12. Nxe4 1-0

[Event "AUTO-MASTER-3048"]
[Site "http://www.queenalice.com/game.php?id=1761316"]
[Date "2021.6.4"]
[Round "1"]
[White "clovis"]
[Black "Santista38"]
[Result "0-1"]
[WhiteElo "2084"]
[BlackElo "2176"]

1. e4 e5 2. f4 exf4 3. Nf3 d6 4. d4 Bg4 5. Bc4 Be7 6. Bxf4 Nf6 7. e5 dxe5 8.
Bxe5 Nc6 9. Nc3 O-O 10. O-O Nd7 11. h3 Bh5 12. g4 Bg6 13. Qd2 Bb4 14. Bb3 Be4
15. Qf4 Ndxe5 16. Nxe5 Qxd4+ 17. Kh2 Bd6 18. Qxe4 Qxe4 19. Nxe4 Bxe5+ 20. Kh1
Bxb2 21. Rab1 Ba3 22. Ng5 Nd8 23. Rbd1 Bd6 24. Rf3 h6 25. Nxf7 Kh7 26. Rxd6 Nxf7
27. Rd7 Ne5 28. Rxf8 Rxf8 29. Rxc7 Rb8 30. Bd5 Nc6 31. Be4+ Kg8 32. Bxc6 bxc6
33. Rxc6 Rb2 34. Ra6 Rxc2 35. Rxa7 Kh7 36. a4 Kg6 37. a5 Kg5 38. Rxg7+ Kh4 39.
a6 Kg3 0-1

[Event "AUTO-MASTER-3048"]
[Site "http://www.queenalice.com/game.php?id=1761317"]
[Date "2021.6.4"]
[Round "1"]
[White "Santista38"]
[Black "jlpbarreto"]
[Result "0-1"]
[WhiteElo "2145"]
[BlackElo "2156"]

1. d4 d5 2. Nc3 Bf5 3. Bf4 e6 4. a3 Nf6 5. e3 Be7 6. Nf3 c6 7. Bxb8 Qxb8 8. Nh4
Bg6 9. Be2 Be4 10. Nf3 Bd6 11. h3 h6 12. Bd3 Bxd3 13. Qxd3 Qc7 14. O-O-O O-O-O
15. e4 dxe4 16. Nxe4 Be7 17. Nxf6 Bxf6 18. Qb3 Rd7 19. Kb1 Kb8 20. c3 Rhd8 21.
Rhe1 c5 22. dxc5 Qxc5 23. Rxd7 Rxd7 24. Qc2 Qd5 25. b3 b5 26. Re2 Rc7 27. Re3
Qb7 28. Kb2 Qc8 29. Ng1 Rc5 30. b4 Rc6 31. Ne2 Qc7 32. g3 a6 33. a4 Rc4 34. a5
Rxb4+ 35. Kc1 Rc4 36. Kd1 Qxa5 37. Qb2 Ra4 38. Nc1 Qb6 39. Ne2 Bg5 40. Rf3 Qd6+
41. Ke1 Qd5 42. Ng1 Ra2 43. Qb1 Qd2+ 44. Kf1 Bf6 45. Qe1 Qxe1+ 46. Kxe1 Ra1+ 47.
Ke2 Rxg1 48. Rd3 Kc7 49. h4 h5 50. Rf3 Ra1 51. Kd2 Ra4 52. Kc2 Rc4 53. Kb3 Kc6
54. Rd3 Rxc3+ 55. Rxc3+ Bxc3 56. Kxc3 Kd5 57. f3 f5 58. Kd3 b4 0-1

[Event "AUTO-MASTER-3048"]
[Site "http://www.queenalice.com/game.php?id=1761318"]
[Date "2021.6.4"]
[Round "1"]
[White "jlpbarreto"]
[Black "Santista38"]
[Result "1-0"]
[WhiteElo "2144"]
[BlackElo "2157"]

1. e4 e5 2. Bc4 Bc5 3. Nc3 Nf6 4. Na4 Qe7 5. Nxc5 Qxc5 6. Qe2 Nc6 7. c3 Na5 8.
Bxf7+ Kxf7 9. b4 Qc4 10. bxa5 Qxe4 11. Qxe4 Nxe4 12. Nf3 d6 13. h3 Bd7 14. O-O
Rhf8 15. Bb2 Kg8 16. Rfe1 Nc5 17. Re3 Rf7 18. Ng5 Rf6 19. Ne4 Nxe4 20. Rxe4 Raf8
21. Rf1 Rg6 22. Kh2 Bc6 23. Rg4 Rxg4 24. hxg4 Rf4 25. f3 Ra4 26. a3 Rxa5 27. Rf2
Rb5 28. d3 Rb3 29. Kg3 Bb5 30. d4 exd4 31. cxd4 Re3 32. Kf4 Re2 33. Rxe2 Bxe2
34. g3 Kf7 35. Ke3 Bd1 36. g5 d5 37. f4 Kg6 38. Kf2 Kf5 39. Ke3 b5 40. Bc3 Bc2
41. Bb2 Be4 42. Bc3 Kg4 43. Kf2 g6 44. Bb2 Bc2 45. Bc3 Kh5 46. Bb2 h6 47. gxh6
Kxh6 48. Bc3 Kh5 49. Bb4 Kg4 50. Bc5 a6 51. Bb4 Kf5 52. Ke3 Ke6 53. Kd2 Bb1 54.
Ke3 Kf5 55. Kf3 Be4+ 56. Kf2 Ke6 57. Ke3 Kf5 58. Kf2 Ke6 59. Ke3 Bf5 60. Ke2
Bg4+ 61. Ke3 Kd7 62. Kd2 Kc6 63. Kc3 Kb6 64. Bc5+ Ka5 65. Bb4+ Ka4 66. Bc5 1-0

[Event "AUTO-MASTER-3053"]
[Site "http://www.queenalice.com/game.php?id=1763842"]
[Date "2021.7.6"]
[Round "1"]
[White "dave_j"]
[Black "Santista38"]
[Result "1-0"]
[WhiteElo "2052"]
[BlackElo "2175"]

1. d4 d5 2. Nf3 Bf5 3. g3 Nc6 4. Bg2 e6 5. O-O Nf6 6. c3 Be7 7. Nbd2 O-O 8. b4
a6 9. Nb3 Be4 10. Nbd2 Bxf3 11. Bxf3 e5 12. e3 e4 13. Bg2 b5 14. f3 exf3 15.
Nxf3 Ne4 16. Qd3 Nf6 17. Bb2 Qc8 18. Ng5 h6 19. Rxf6 hxg5 20. Rf2 Qe6 21. Raf1
Nd8 22. Rf5 c6 23. Bc1 a5 24. a3 a4 25. e4 dxe4 26. Bxe4 f6 27. R5f2 Rb8 28. h4
gxh4 29. Bf5 Qf7 30. Bg6 Qc4 31. Qf3 Qd5 32. Be4 Qe6 33. Bf5 Qd5 34. Qh5 hxg3
35. Bh7+ Kh8 36. Rf5 Qxf5 37. Bxf5+ Kg8 38. Bh7+ 1-0

[Event "AUTO-MASTER-3053"]
[Site "http://www.queenalice.com/game.php?id=1763843"]
[Date "2021.7.6"]
[Round "1"]
[White "Santista38"]
[Black "dave_j"]
[Result "0-1"]
[WhiteElo "2192"]
[BlackElo "2030"]

1. d4 Nf6 2. Bf4 d6 3. Nc3 g6 4. e3 Bg7 5. Be2 O-O 6. Nf3 b6 7. O-O Bb7 8. a4 a5
9. Bg5 h6 10. Bxf6 exf6 11. Qd2 f5 12. Qd1 Nd7 13. Bc4 Kh8 14. Bd5 c6 15. Bb3 d5
16. Re1 Nf6 17. Ne5 Nd7 18. Nxd7 Qxd7 19. Qe2 Rfe8 20. Qd3 Ba6 21. Qd1 Kh7 22.
Nb1 Re7 23. Nd2 Rae8 24. c3 Bf6 25. Rb1 Bg5 26. Nf3 Bf6 27. Qc2 Kg7 28. Qd2 g5
29. h3 g4 30. hxg4 fxg4 31. Nh2 Bg5 32. Bd1 h5 33. Nf1 Bxf1 34. Kxf1 h4 35. Qe2
Bxe3 36. Qxg4+ Qxg4 37. Bxg4 Bg5 38. Bd7 Rxe1+ 39. Rxe1 Rxe1+ 40. Kxe1 c5 41.
dxc5 bxc5 42. Ke2 Bc1 43. b4 cxb4 44. cxb4 axb4 45. a5 Bf4 46. Ba4 Kf6 47. Kd3
Bb8 48. a6 Ba7 49. f3 Ke5 50. Bb3 f6 51. f4+ Kxf4 52. Bxd5 Kg3 53. Kc4 f5 54.
Kxb4 h3 55. gxh3 Kxh3 56. Kb5 Kg3 57. Kc6 Be3 0-1

[Event "AUTO-MASTER-3053"]
[Site "http://www.queenalice.com/game.php?id=1763854"]
[Date "2021.7.6"]
[Round "1"]
[White "rfdc"]
[Black "Santista38"]
[Result "0-1"]
[WhiteElo "1890"]
[BlackElo "2189"]

1. e4 e5 2. Nf3 d6 3. c4 Nf6 4. Nc3 Bd7 5. d3 Be7 6. h3 Nc6 7. Be2 O-O 8. a3 a6
9. O-O Be6 10. Nd5 Bxd5 11. exd5 Nd4 12. Nxd4 exd4 13. Bg4 c5 14. Bd2 a5 15. a4
Nxg4 16. Qxg4 Qc8 17. Qxc8 Rfxc8 18. b3 b6 19. Bf4 Rd8 20. Rfe1 Kf8 21. Re2 Ra7
22. Rae1 Rad7 23. f3 Bf6 24. g4 Bh4 25. Rf1 Re8 26. Rxe8+ Kxe8 27. Rd1 Kd8 28.
Kf1 h6 29. Rd2 Bg5 30. Bxg5+ hxg5 31. Re2 Re7 32. Rxe7 Kxe7 33. Kf2 Kf6 34. Kg3
Ke5 35. h4 gxh4+ 36. Kxh4 Kf4 37. g5 Kxf3 38. Kh5 Ke3 39. g6 f6 40. Kg4 Kxd3 0-1

[Event "AUTO-MASTER-3053"]
[Site "http://www.queenalice.com/game.php?id=1763855"]
[Date "2021.7.6"]
[Round "1"]
[White "Santista38"]
[Black "rfdc"]
[Result "1-0"]
[WhiteElo "2185"]
[BlackElo "1916"]

1. d4 g6 2. Bf4 Bg7 3. Nc3 e6 4. e3 Ne7 5. Nf3 O-O 6. Qd2 d6 7. Be2 a6 8. O-O-O
Nbc6 9. Kb1 f5 10. Bg5 h6 11. Bf4 b5 12. a3 Bd7 13. e4 fxe4 14. Nxe4 Nd5 15.
Bxh6 e5 16. Bxg7 Kxg7 17. dxe5 Nf4 18. exd6 Nxe2 19. dxc7 Qxc7 20. Qxd7+ Qxd7
21. Rxd7+ Kh6 22. Rd6 Ncd4 23. Nxd4 Rad8 24. Rxd8 Rxd8 25. Nxe2 1-0

[Event "AUTO-MASTER-3053"]
[Site "http://www.queenalice.com/game.php?id=1763862"]
[Date "2021.7.6"]
[Round "1"]
[White "Santista38"]
[Black "cavaleiro_cambraia"]
[Result "0-1"]
[WhiteElo "2133"]
[BlackElo "2369"]

1. d4 f5 2. Bf4 e6 3. Qd3 Nf6 4. Nc3 d5 5. O-O-O c5 6. Bxb8 Rxb8 7. dxc5 Bxc5 8.
e3 Bd7 9. Nf3 O-O 10. Ne5 Be8 11. Nf3 b5 12. Nd4 Qb6 13. Nb3 Bd6 14. h3 a5 15.
Nd4 Bc5 16. Ndxb5 Ne4 17. Nxe4 fxe4 18. Qb3 Rxf2 19. Nd4 Qd6 20. Nb5 Qg3 21. a4
Bb4 22. Kb1 Bh5 23. Rc1 Bd2 24. c3 Bxc1 25. Kxc1 Qxe3+ 26. Kb1 Qe1+ 27. Ka2 Rxf1
28. Rxf1 Qxf1 29. Qc2 e3 30. Nd4 Bg6 31. Qe2 Qb1+ 0-1

[Event "AUTO-MASTER-3053"]
[Site "http://www.queenalice.com/game.php?id=1763863"]
[Date "2021.7.6"]
[Round "1"]
[White "cavaleiro_cambraia"]
[Black "Santista38"]
[Result "1-0"]
[WhiteElo "2350"]
[BlackElo "2156"]

1. b4 d5 2. Bb2 e6 3. e3 Nf6 4. a3 Be7 5. Nf3 Bd7 6. c4 dxc4 7. Bxc4 O-O 8. O-O
a6 9. Nc3 Bc6 10. d4 Bxf3 11. Qxf3 c6 12. Rfd1 Nbd7 13. Qh3 Qc7 14. e4 b5 15.
Bb3 Qf4 16. e5 Ng4 17. Rf1 Nh6 18. Bxe6 Nb6 19. Bb3 Qxd4 20. Na4 Qd8 21. Nxb6
Qxb6 22. e6 f6 23. Rad1 Rad8 24. Rd7 Rxd7 25. exd7+ Kh8 26. Qe6 Ng8 27. Rc1 Rd8
28. Rxc6 Qb7 29. Rc8 Qxd7 30. Qxg8+ 1-0

[Event "AUTO-MASTER-3038"]
[Site "http://www.queenalice.com/game.php?id=1767448"]
[Date "2021.8.20"]
[Round "2"]
[White "Artking"]
[Black "Santista38"]
[Result "1-0"]
[WhiteElo "1999"]
[BlackElo "2150"]

1. Nf3 d5 2. d4 Bf5 3. c4 dxc4 4. Nc3 e6 5. e4 Bg4 6. Bxc4 Nc6 7. Be3 Bxf3 8.
gxf3 Qe7 9. a3 O-O-O 10. Qa4 Kb8 11. O-O-O Qf6 12. d5 exd5 13. Bxd5 Nge7 14. e5
Qxe5 15. Rhe1 Qf6 16. Be4 Rc8 17. Nb5 a6 18. Nd4 Nxd4 19. Qxd4 Qxd4 20. Bxd4 Ng6
21. Bf5 Bd6 22. Bxc8 Kxc8 23. Bxg7 Rg8 24. Bf6 Bxh2 25. Kc2 h6 26. Rd4 Bf4 27.
Rg1 Re8 28. Re1 Be5 29. Rd5 c6 30. Rdxe5 Nxe5 31. Rxe5 Re6 32. Rxe6 1-0

[Event "AUTO-MASTER-3038"]
[Site "http://www.queenalice.com/game.php?id=1767449"]
[Date "2021.8.20"]
[Round "2"]
[White "Santista38"]
[Black "Artking"]
[Result "1-0"]
[WhiteElo "2146"]
[BlackElo "2078"]

1. d4 Nf6 2. Bf4 d6 3. Nc3 g6 4. e3 Bg7 5. Nf3 c6 6. Bc4 h6 7. Qd2 Nbd7 8. O-O-O
O-O 9. e4 e5 10. dxe5 Nh5 11. Bxh6 Nxe5 12. Bxg7 Nxc4 13. Qh6 Nxg7 14. Ng5 Re8
15. h4 Qf6 16. Rd3 Qf4+ 17. Kb1 Qxf2 18. Kc1 Ne6 19. Rf3 Qd2+ 20. Kb1 Ne5 21.
Qh7+ 1-0